Theory of continuous groups /
Guardado en:
| Autor Principal: | |
|---|---|
| Formato: | Libro |
| Idioma: | English |
| Publicado: |
Cambridge, Mass. :
MIT Press,
c1971.
|
| Series: | Mathematicians of our time ;
v. 1 |
| Materias: | |
| Etiquetas: |
Agregar Etiqueta
Sin Etiquetas, Sea el primero en etiquetar este registro!
|
| LEADER | 00789cam a2200217 a 4500 | ||
|---|---|---|---|
| 001 | MAT.inmabb003133 | ||
| 008 | 711019s1971####maua##########001#0#eng## | ||
| 005 | 20130304105502.0 | ||
| 245 | 1 | 0 | |a Theory of continuous groups / |c Charles Loewner ; notes by Harley Flanders and Murray H. Protter. |
| 260 | |a Cambridge, Mass. : |b MIT Press, |c c1971. | ||
| 300 | |a ix, 110 p. : |b il. ; |c 26 cm. | ||
| 440 | 0 | |a Mathematicians of our time ; |v v. 1 | |
| 500 | |a Versión revisada y corregida de las notas de un curso dictado por el autor en Berkeley, 1955. | ||
| 510 | 4 | |a MR, |c 47 #3587 | |
| 020 | |a 0262060418 | ||
| 100 | 1 | |a Loewner, Charles, |d 1893-1968. | |
| 650 | 0 | |a Continuous groups. | |
| 084 | |a 22-02 |2 msc2000 | ||
| 010 | |a 77148974 | ||
| 040 | |a DLC |c DLC |d DLC | ||
| 859 | |h 22 |i L827 |p A-4531 |b BIB. MATEMATICA | ||
